Statistics for Ultimate British Spellings Quiz

Click here to take the quiz!

General Stats

  • This quiz has been taken 383 times
    (369 since last reset)
  • The average score is 50 of 59

Answer Stats

U.S.British% Correct
ColorColour
97%
FavorFavour
96%
FlavorFlavour
96%
GrayGrey
96%
HonorHonour
96%
AirplaneAeroplane
95%
ApologizeApologise
95%
CenterCentre
95%
FavoriteFavourite
95%
GlamorGlamour
95%
HumorHumour
95%
LaborLabour
95%
AppetizerAppetiser
94%
ChiliChilli
94%
AgingAgeing
93%
AnalyzeAnalyse
93%
CriticizeCriticise
93%
DefenseDefence
93%
MinimizeMinimise
93%
MomMum
93%
AluminumAluminium
92%
MemorizeMemorise
92%
NeighborNeighbour
92%
SavorSavour
92%
GlobalizationGlobalisation
91%
RealizeRealise
91%
RumorRumour
91%
OdorOdour
90%
ParalyzeParalyse
90%
SocializeSocialise
90%
VigorVigour
90%
LikableLikeable
89%
MeterMetre
89%
TheaterTheatre
89%
TravelerTraveller
88%
CatalogCatalogue
87%
MathMaths
86%
ProgramProgramme
86%
CheckCheque
85%
EndeavorEndeavour
85%
TireTyre
85%
MustacheMoustache
84%
LiterLitre
81%
FulfillFulfil
80%
JewelryJewellery
80%
PlowPlough
79%
LicenseLicence
77%
PajamasPyjamas
77%
KilogramKilogramme
76%
EstrogenOestrogen
75%
LearnedLearnt
69%
BehooveBehove
68%
RacketRacquet
66%
TidbitTitbit
61%
PediatricPaediatric
58%
ManeuverManoeuvre
57%
EonAeon
56%
DraftDraught
54%
InquiryEnquiry
54%

Score Distribution

Percentile by Number Answered

Percent of People with Each Score

Your Score History

You have not taken this quiz since the last reset